[Event "SWE-chT 1718 Superettan"]
[Site "Sweden"]
[Date "2017.10.22"]
[Round "3.5"]
[White "Sjodahl, Pontus"]
[Black "Hamark, Jesper"]
[Result "1-0"]
[WhiteElo "2413"]
[BlackElo "2328"]
[PlyCount "81"]
[EventDate "2017.10.20"]
[EventType "team-tourn"]
[EventRounds "9"]
[EventCountry "SWE"]
[SourceTitle "CBM 181 Extra"]
[Source "ChessBase"]
[SourceDate "2017.12.12"]
[SourceVersion "1"]
[SourceVersionDate "2017.12.12"]
[SourceQuality "1"]
[WhiteTeam "Vasteras"]
[BlackTeam "Kamraterna"]
[WhiteTeamCountry "SWE"]
[BlackTeamCountry "SWE"]

1. d4 Nf6 2. c4 g6 3. Nc3 Bg7 4. e4 d6 5. f3 0-0 6. Be3 c5 7. d5 e6 8. Qd2 exd5 9. cxd5 a6 10. a4 Re8 11. Nge2 Nbd7 12. Nc1 Nh5 13. Be2 f5 14. exf5 gxf5 15. Bg5 Qb6 16. a5 Qb4 17. Nd3 Qd4 18. Ra4 c4 19. Nf2 b5 20. axb6 Nxb6 21. Ra5 Nd7 22. Qxd4 Bxd4 23. Nfd1 Nc5 24. g3 Kg7 25. Ra2 h6 26. Bd2 Rb8 27. Kf1 Nb3 28. Be1 Nc1 29. Ra4 Nxe2 30. Nxe2 Bd7 31. Rxa6 Rxe2 32. Kxe2 Bb5 33. Ra5 c3+ 34. Rxb5 c2 35. Bc3 c1Q 36. Bxd4+ Kg6 37. Rxb8 Qc4+ 38. Ke3 Qc1+ 39. Kd3 Qb1+ 40. Kd2 Nf6 41. Re1 1-0

[Event "SWE Cup"]
[Site "Sweden"]
[Date "2017.03.04"]
[Round "6.2"]
[White "Olofsson Dolk, Mattis"]
[Black "Hamark, Jesper"]
[Result "0-1"]
[WhiteElo "2240"]
[BlackElo "2288"]
[PlyCount "88"]
[EventDate "2017.01.14"]
[EventType "team-tourn"]
[EventRounds "9"]
[EventCountry "SWE"]
[SourceTitle "EXT 2018"]
[Source "ChessBase"]
[SourceDate "2017.10.13"]
[SourceVersion "1"]
[SourceVersionDate "2017.10.13"]
[SourceQuality "1"]
[WhiteTeam "Vaxjo"]
[BlackTeam "Kamraterna"]
[WhiteTeamCountry "SWE"]
[BlackTeamCountry "SWE"]

1. d4 d5 2. c4 Nc6 3. Nc3 dxc4 4. Nf3 Nf6 5. Bg5 a6 6. d5 Na5 7. e4 h6 8. Be3 e6 9. Qa4+ c6 10. Rd1 b5 11. dxe6 Qc7 12. exf7+ Kxf7 13. Qc2 Bb4 14. Be2 Re8 15. Nd2 Kg8 16. 0-0 Ng4 17. Bxg4 Bxg4 18. f3 Bh5 19. Ne2 Rad8 20. Ng3 Bg6 21. Nb1 Rxd1 22. Rxd1 Nb7 23. a3 Bd6 24. Qf2 Qe7 25. Nc3 Be5 26. Bd4 Rd8 27. Nge2 Bf7 28. Kh1 Bxd4 29. Rxd4 c5 30. Rxd8+ Qxd8 31. Nf4 Qd4 32. Kg1 Kf8 33. h4 Nd6 34. Nfe2 Qxf2+ 35. Kxf2 b4 36. Na4 c3 37. axb4 cxb2 38. Nxb2 cxb4 39. Nd4 a5 40. Nc6 Nb7 41. Nd3 b3 42. Nd4 a4 43. e5 a3 44. e6 b2 0-1

[Event "SWE-chT2 1617"]
[Site "Sweden"]
[Date "2016.10.15"]
[Round "2.2"]
[White "Hamark, Jesper"]
[Black "Crevatin, Leo"]
[Result "1/2-1/2"]
[WhiteElo "2288"]
[BlackElo "2030"]
[PlyCount "110"]
[EventDate "2016.10.14"]
[EventType "team-tourn"]
[EventRounds "9"]
[EventCountry "SWE"]
[SourceTitle "EXT 2017"]
[Source "ChessBase"]
[SourceDate "2016.10.25"]
[SourceVersion "1"]
[SourceVersionDate "2016.10.25"]
[SourceQuality "1"]
[WhiteTeam "Kamraterna"]
[BlackTeam "Stockholm Rockaden II"]
[WhiteTeamCountry "SWE"]
[BlackTeamCountry "SWE"]

1. g3 d5 2. Bg2 Nf6 3. Nf3 g6 4. c4 c6 5. b3 Bg7 6. Bb2 0-0 7. 0-0 Bg4 8. d3 Bxf3 9. Bxf3 Re8 10. Nd2 e5 11. Bg2 a5 12. a3 Qe7 13. Rc1 d4 14. e3 dxe3 15. fxe3 Nbd7 16. d4 exd4 17. exd4 Qe3+ 18. Rf2 h5 19. Nf1 Qe7 20. h3 Bh6 21. Rcc2 Qe1 22. Qxe1 Rxe1 23. Rce2 Re8 24. Rxe8+ Nxe8 25. Rc2 Be3+ 26. Kh2 Bg5 27. Kg1 Be3+ 28. Kh2 Bg5 29. b4 axb4 30. axb4 Nd6 31. Bc3 Rc1 32. Rxc1 Bxc1 33. b5 Nxc4 34. bxc6 bxc6 35. Bxc6 Ndb6 36. Kg2 Bb2 37. Bxb2 Nxb2 38. Kf3 Kf8 39. Ne3 N2c4 40. Nc2 Ke7 41. Nb4 Nd6 42. Be4 Nxe4 43. Kxe4 Kd6 44. Nd3 Nd7 45. h4 Nb6 46. Kf4 Nc4 47. Kg5 Kd5 48. Nf4+ Kxd4 49. Nxg6 fxg6 50. Kxg6 Ke5 51. Kxh5 Kf6 52. g4 Ne5 53. g5+ Kg7 54. g6 Nxg6 55. Kg5 Nxh4 1/2-1/2

[Event "SWE-chT 1516 Superettan"]
[Site "Sweden"]
[Date "2016.03.19"]
[Round "8"]
[White "Lindberg, Henrik"]
[Black "Hamark, Jesper"]
[Result "1/2-1/2"]
[WhiteElo "2242"]
[BlackElo "2331"]
[PlyCount "58"]
[EventDate "2015.11.06"]
[EventType "team-tourn"]
[EventRounds "9"]
[EventCountry "SWE"]
[SourceTitle "EXT 2018"]
[Source "ChessBase"]
[SourceDate "2017.10.13"]
[SourceVersion "1"]
[SourceVersionDate "2017.10.13"]
[SourceQuality "1"]
[WhiteTeam "Upsala"]
[BlackTeam "Kamraterna"]
[WhiteTeamCountry "SWE"]
[BlackTeamCountry "SWE"]

1. e4 d5 2. exd5 Nf6 3. c4 e6 4. dxe6 Bxe6 5. Nf3 Qe7 6. Qe2 Nc6 7. d4 Bf5 8. a3 Na5 9. Nbd2 c5 10. dxc5 0-0-0 11. b4 Qc7 12. Bb2 Nc6 13. Ne5 Nd4 14. Bxd4 Rxd4 15. 0-0-0 g6 16. g3 Re4 17. Nxe4 Qxe5 18. Nd6+ Bxd6 19. Qxe5 Bxe5 20. Bd3 Bg4 21. Rde1 Bf3 22. Rhf1 Bd4 23. Re7 Rf8 24. Be2 Be4 25. f3 Bc6 26. Rd1 Bf2 27. Rf1 Bd4 28. Rd1 Bf2 29. Rf1 Bd4 1/2-1/2

[Event "SWE-chT 1516 Superettan"]
[Site "Sweden"]
[Date "2015.11.06"]
[Round "1"]
[White "Bjarnehag, Peter"]
[Black "Hamark, Jesper"]
[Result "0-1"]
[WhiteElo "2118"]
[BlackElo "2331"]
[PlyCount "174"]
[EventDate "2015.11.06"]
[EventType "team-tourn"]
[EventRounds "9"]
[EventCountry "SWE"]
[SourceTitle "EXT 2018"]
[Source "ChessBase"]
[SourceDate "2017.10.13"]
[SourceVersion "1"]
[SourceVersionDate "2017.10.13"]
[SourceQuality "1"]
[WhiteTeam "Solna"]
[BlackTeam "Kamraterna"]
[WhiteTeamCountry "SWE"]
[BlackTeamCountry "SWE"]

1. Nf3 d6 2. d4 g6 3. c4 Bg7 4. Nc3 Nf6 5. g3 0-0 6. Bg2 Nbd7 7. 0-0 e5 8. e4 exd4 9. Nxd4 Re8 10. h3 a6 11. Re1 Rb8 12. Bg5 h6 13. Be3 Ne5 14. Qe2 c5 15. Nc2 Be6 16. Na3 Qa5 17. f4 Nc6 18. Qd2 Nd4 19. Bxd4 cxd4 20. Qxd4 Nd5 21. e5 dxe5 22. fxe5 Nxc3 23. Qxc3 Qxc3 24. bxc3 Bf8 25. Nc2 Bxc4 26. Ne3 Bc5 27. Kh2 Be6 28. Nd5 Red8 29. Rad1 Kg7 30. Rd2 b5 31. Red1 Rd7 32. Nb4 Rxd2 33. Rxd2 Rb6 34. Bd5 a5 35. Nc2 Be7 36. Bxe6 Rxe6 37. Rd5 Rc6 38. Rxb5 Rxc3 39. Rb2 a4 40. Nd4 Bc5 41. Rd2 Bxd4 42. Rxd4 Rc2+ 43. Kg1 Rxa2 44. Rd7 Kf8 45. Ra7 a3 46. Kh1 Ke8 47. Kg1 Kd8 48. Kh1 Kc8 49. g4 Kb8 50. Ra4 g5 51. Kg1 Kb7 52. Kh1 Kb6 53. Kg1 Kc6 54. Ra5 Kb6 55. Ra8 Kb5 56. Ra7 Kc4 57. Kh1 Kd4 58. Ra5 Ke4 59. Kg1 Kf3 60. Ra7 Kg3 61. Kf1 Rf2+ 62. Kg1 Rf3 63. Ra6 Kxh3 64. Rxh6+ Kxg4 65. Kg2 Re3 66. Ra6 Rxe5 67. Ra4+ Kh5 68. Rxa3 Rb5 69. Rf3 f5 70. Rh3+ Kg6 71. Ra3 g4 72. Ra2 Kg5 73. Rc2 Ra5 74. Rb2 Rc5 75. Ra2 Rd5 76. Rb2 Re5 77. Ra2 f4 78. Rb2 Rc5 79. Ra2 Kh4 80. Rb2 Rc1 81. Ra2 f3+ 82. Kf2 Rh1 83. Ra4 Rh2+ 84. Kg1 Rg2+ 85. Kh1 Rc2 86. Ra1 Kh3 87. Rg1 Rh2# 0-1

[Event "SWE-chT2 1314"]
[Site "Sweden"]
[Date "2014.01.19"]
[Round "5"]
[White "Outgajjouft, Said"]
[Black "Hamark, Jesper"]
[Result "0-1"]
[WhiteElo "2188"]
[BlackElo "2329"]
[PlyCount "79"]
[EventDate "2013.11.22"]
[EventType "team-tourn"]
[EventRounds "9"]
[EventCountry "SWE"]
[SourceTitle "EXT 2015"]
[Source "ChessBase"]
[SourceDate "2014.11.20"]
[SourceVersion "1"]
[SourceVersionDate "2014.11.20"]
[SourceQuality "1"]
[WhiteTeam "Manhem II"]
[BlackTeam "Kamraterna"]
[WhiteTeamCountry "SWE"]
[BlackTeamCountry "SWE"]

1. e4 d6 2. d4 Nf6 3. Nc3 g6 4. h3 Bg7 5. Be3 a6 6. Bd3 0-0 7. Qd2 b5 8. f3 Nbd7 9. Nce2 Bb7 10. Bh6 e5 11. c3 d5 12. exd5 Bxd5 13. h4 Qe7 14. h5 c5 15. Bxg7 Kxg7 16. hxg6 fxg6 17. Qg5 exd4 18. cxd4 cxd4 19. Kf1 Ne5 20. Nxd4 Kh8 21. Be2 Rae8 22. Rh4 Bc4 23. b3 Bg8 24. Rc1 Qd6 25. Nh3 Nh5 26. Kf2 Nf7 27. Qg4 Nh6 28. Qg5 Nf5 29. Nxf5 Rxf5 30. Qg4 Rfe5 31. Rc2 Qe7 32. Qd4 Nf6 33. Bf1 Rd5 34. Qc3 g5 35. Re4 Qg7 36. Rxe8 Nxe8 37. Qxg7+ Kxg7 38. Ke2 Be6 39. Nf2 Bf5 40. Ne4 0-1

[Event "SWE-chT2 1314"]
[Site "Sweden"]
[Date "2014.01.18"]
[Round "4"]
[White "Nylen, Anders"]
[Black "Hamark, Jesper"]
[Result "0-1"]
[WhiteElo "2116"]
[BlackElo "2329"]
[PlyCount "132"]
[EventDate "2013.11.22"]
[EventType "team-tourn"]
[EventRounds "9"]
[EventCountry "SWE"]
[SourceTitle "EXT 2015"]
[Source "ChessBase"]
[SourceDate "2014.11.20"]
[SourceVersion "1"]
[SourceVersionDate "2014.11.20"]
[SourceQuality "1"]
[WhiteTeam "Limhamn II"]
[BlackTeam "Kamraterna"]
[WhiteTeamCountry "SWE"]
[BlackTeamCountry "SWE"]

1. d4 d6 2. e4 Nf6 3. f3 c5 4. d5 e6 5. c4 b5 6. Nc3 b4 7. Nce2 exd5 8. cxd5 g6 9. a3 bxa3 10. Rxa3 Bg7 11. Nc3 0-0 12. Bg5 Qb6 13. Qd2 Re8 14. Bb5 Bd7 15. Bc4 Qb4 16. Bd3 a5 17. Nge2 Na6 18. 0-0 Qb6 19. Bxa6 Rxa6 20. Rfa1 Rea8 21. Na4 Qb4 22. Qc2 Ne8 23. Bd2 Bxa4 24. Rxa4 Qxb2 25. Qxb2 Bxb2 26. R1a2 Be5 27. Rxa5 Rxa5 28. Rxa5 Rxa5 29. Bxa5 f5 30. Bc3 fxe4 31. Bxe5 exf3 32. Bxd6 fxe2 33. Bg3 Nf6 34. Kf2 Nxd5 35. Kxe2 Kf7 36. Kd3 Ke6 37. Kc4 Ne3+ 38. Kxc5 Nxg2 39. Kd4 Kf5 40. Kd3 Kg4 41. Ke2 Nf4+ 42. Kf1 g5 43. Be1 Kf3 44. Kg1 Nh3+ 45. Kf1 Nf4 46. Ba5 Ne2 47. Bd8 h6 48. Be7 Nf4 49. Bd8 Ne6 50. Be7 h5 51. Kg1 Nf4 52. Kf1 g4 53. Bd8 Ng2 54. Be7 Ne3+ 55. Kg1 Nf5 56. Bd8 h4 57. Bc7 Nd4 58. Bb8 Ne2+ 59. Kh1 Kf2 60. Bd6 Kf1 61. Be5 Nc1 62. Bf6 g3 63. hxg3 hxg3 64. Bd4 Nd3 65. Ba7 Nf2+ 66. Bxf2 gxf2 0-1

[Event "Norrkoeping Easter op"]
[Site "Norrkoeping"]
[Date "2013.04.01"]
[Round "8"]
[White "Hamark, Jesper"]
[Black "Kockum, Anton Frisk"]
[Result "0-1"]
[WhiteElo "2322"]
[BlackElo "2335"]
[PlyCount "122"]
[EventDate "2013.03.29"]
[EventType "swiss"]
[EventRounds "8"]
[EventCountry "SWE"]
[SourceTitle "CBM 153 Extra"]
[Source "ChessBase"]
[SourceDate "2013.04.22"]
[SourceVersion "1"]
[SourceVersionDate "2013.04.22"]
[SourceQuality "1"]

1. Nf3 c5 2. c4 Nc6 3. g3 d6 4. Bg2 Bd7 5. Nc3 g6 6. a3 Qc8 7. d3 Bh3 8. Bxh3 Qxh3 9. Nd5 Qd7 10. Bd2 Bg7 11. Rb1 Nf6 12. Nxf6+ Bxf6 13. b4 h5 14. h4 0-0 15. 0-0 cxb4 16. axb4 b5 17. Qb3 Rab8 18. Rfc1 bxc4 19. Qxc4 Rfc8 20. Qf4 Rb5 21. Bc3 Ne5 22. Bxe5 Bxe5 23. Qd2 Rcb8 24. Nxe5 dxe5 25. Ra1 Qd4 26. Qa2 R8b7 27. Rc4 Qb6 28. Qa4 Kg7 29. Qa3 Qd6 30. Qa6 Rxb4 31. Rxb4 Qxb4 32. Kg2 Rc7 33. Qa2 Qd4 34. Qb1 Rc2 35. Qxc2 Qxa1 36. Qc7 e6 37. f4 exf4 38. gxf4 a5 39. e4 a4 40. f5 gxf5 41. exf5 Qb2+ 42. Kh3 Qd4 43. fxe6 Qxd3+ 44. Kg2 Qe4+ 45. Kf1 Qxe6 46. Qg3+ Qg6 47. Qh3 Qa6+ 48. Kf2 a3 49. Qg3+ Kh7 50. Qf3 Qb6+ 51. Kf1 Qb5+ 52. Kf2 Qc5+ 53. Ke1 Qb4+ 54. Kf1 Qc4+ 55. Ke1 Qxh4+ 56. Kd2 Qd4+ 57. Kc1 Qc5+ 58. Kb1 Kg6 59. Ka2 Qb4 60. Qd3+ f5 61. Qg3+ Kf6 0-1

[Event "SWE-chT 1112"]
[Site "Sweden"]
[Date "2012.02.04"]
[Round "5"]
[White "Akesson, Joel"]
[Black "Hamark, Jesper"]
[Result "1/2-1/2"]
[WhiteElo "2297"]
[BlackElo "2338"]
[PlyCount "74"]
[EventDate "2011.10.07"]
[EventType "team-tourn"]
[EventRounds "9"]
[EventCountry "SWE"]
[SourceTitle "EXT 2013"]
[Source "ChessBase"]
[SourceDate "2012.11.22"]
[SourceVersion "1"]
[SourceVersionDate "2012.11.22"]
[SourceQuality "1"]
[WhiteTeam "Manhem"]
[BlackTeam "Kamraterna"]
[WhiteTeamCountry "SWE"]
[BlackTeamCountry "SWE"]

1. Nf3 d5 2. d4 Nf6 3. c4 e6 4. Nc3 c5 5. cxd5 Nxd5 6. e4 Nxc3 7. bxc3 cxd4 8. cxd4 Bb4+ 9. Bd2 Bxd2+ 10. Qxd2 0-0 11. Bc4 Nc6 12. 0-0 b6 13. Rfd1 Bb7 14. d5 Na5 15. Bb3 Nxb3 16. axb3 Qd6 17. Ra4 exd5 18. exd5 Rad8 19. Rd4 Rfe8 20. h3 Re7 21. Qd3 Red7 22. Ng5 g6 23. Ne4 Qe5 24. f4 Qg7 25. d6 Bxe4 26. Qxe4 Qf6 27. Qe5 Qe6 28. b4 Re8 29. Qb5 Red8 30. Qc6 Kg7 31. Kh2 Kg8 32. b5 Kg7 33. Qc3 Kg8 34. Qd3 Rc8 35. Rd5 Rc5 36. Rxc5 bxc5 37. Rd2 c4 1/2-1/2

[Event "SWE-chT 1011"]
[Site "Sweden"]
[Date "2011.02.05"]
[Round "7"]
[White "Hamark, Jesper"]
[Black "Hector, Jonny"]
[Result "1/2-1/2"]
[WhiteElo "2331"]
[BlackElo "2592"]
[PlyCount "102"]
[EventDate "2010.10.08"]
[EventType "team-tourn"]
[EventRounds "11"]
[EventCountry "SWE"]
[SourceTitle "EXT 2012"]
[Source "ChessBase"]
[SourceDate "2011.11.24"]
[SourceVersion "1"]
[SourceVersionDate "2011.11.24"]
[SourceQuality "1"]
[WhiteTeam "Kamraterna"]
[BlackTeam "Limhamn"]
[WhiteTeamCountry "SWE"]
[BlackTeamCountry "SWE"]

1. c4 e5 2. g3 h5 3. h4 Nc6 4. Bg2 Bc5 5. Nc3 d6 6. d3 Bg4 7. Nf3 Nge7 8. a3 a6 9. b4 Ba7 10. 0-0 Qd7 11. Nd5 Nf5 12. e3 Nd8 13. Qc2 Ne6 14. Nh2 c6 15. Nc3 Qe7 16. b5 Rc8 17. bxa6 bxa6 18. d4 exd4 19. Nxg4 g6 20. Nh2 dxc3 21. Qxc3 0-0 22. Bb2 f6 23. Nf3 Rb8 24. Rad1 Nc5 25. Ba1 Ne4 26. Qd3 Rfe8 27. Nd4 Bxd4 28. Bxd4 d5 29. cxd5 cxd5 30. Qxa6 Nxd4 31. Bxe4 Ne2+ 32. Qxe2 dxe4 33. a4 Rb4 34. a5 Qe5 35. Ra1 Rb2 36. Qc4+ Kg7 37. a6 Rd8 38. Rfd1 Qf5 39. Qc7+ Kh6 40. Qf4+ Qxf4 41. gxf4 Rxd1+ 42. Rxd1 Ra2 43. Rd6 Ra1+ 44. Kg2 f5 45. Rb6 Kg7 46. Rb7+ Kf6 47. a7 Ke6 48. Rc7 Kf6 49. f3 Ra2+ 50. Kg3 exf3 51. Kxf3 Ke6 1/2-1/2

[Event "SWE-chT 1011"]
[Site "Sweden"]
[Date "2010.11.14"]
[Round "4"]
[White "Hamark, Jesper"]
[Black "Hultin, Johan"]
[Result "1-0"]
[WhiteElo "2331"]
[BlackElo "2320"]
[PlyCount "59"]
[EventDate "2010.10.08"]
[EventType "team-tourn"]
[EventRounds "11"]
[EventCountry "SWE"]
[SourceTitle "CBM 138 Extra"]
[Source "ChessBase"]
[SourceDate "2010.10.29"]
[SourceVersion "1"]
[SourceVersionDate "2010.10.29"]
[SourceQuality "1"]
[WhiteTeam "Kamraterna"]
[BlackTeam "Manhem"]
[WhiteTeamCountry "SWE"]
[BlackTeamCountry "SWE"]

1. c4 Nf6 2. g3 c6 3. Bg2 d5 4. Nf3 Bf5 5. cxd5 cxd5 6. Qb3 Qb6 7. Nc3 Qxb3 8. axb3 Nc6 9. d3 e6 10. 0-0 Be7 11. Be3 0-0 12. Nd4 Nxd4 13. Bxd4 a6 14. e4 Bg6 15. exd5 Nxd5 16. Nxd5 exd5 17. Rfe1 Bb4 18. Bc3 Bxc3 19. bxc3 Bxd3 20. Bxd5 Rab8 21. c4 Rfc8 22. Re7 b5 23. Rxf7 bxc4 24. Rf4+ Kh8 25. bxc4 g5 26. Rg4 h6 27. Rd4 Rb1+ 28. Rxb1 Bxb1 29. Bb7 Re8 30. Rd1 1-0

[Event "SWE-chT 0910"]
[Site "Sweden"]
[Date "2010.03.13"]
[Round "10"]
[White "Sandberg, Richard"]
[Black "Hamark, Jesper"]
[Result "1/2-1/2"]
[WhiteElo "2162"]
[BlackElo "2313"]
[PlyCount "73"]
[EventDate "2009.10.16"]
[EventType "team"]
[EventRounds "11"]
[EventCountry "SWE"]
[SourceTitle "EXT 2011"]
[Source "ChessBase"]
[SourceDate "2010.11.26"]
[SourceVersion "1"]
[SourceVersionDate "2010.11.26"]
[SourceQuality "1"]
[WhiteTeam "Vasteras"]
[BlackTeam "Kamraterna"]
[WhiteTeamCountry "SWE"]
[BlackTeamCountry "SWE"]

1. e4 e5 2. Nf3 Nc6 3. Bb5 a6 4. Ba4 Nf6 5. 0-0 Be7 6. Re1 b5 7. Bb3 d6 8. c3 0-0 9. h3 Be6 10. Bxe6 fxe6 11. a4 Qd7 12. d3 d5 13. axb5 axb5 14. Rxa8 Rxa8 15. exd5 Qxd5 16. Qe2 Rd8 17. Nxe5 Nxe5 18. Qxe5 Qxe5 19. Rxe5 Rxd3 20. Nd2 b4 21. c4 Nd7 22. Rxe6 Bg5 23. Re2 Nb6 24. Kf1 h6 25. Ke1 b3 26. Re4 Na4 27. Ke2 Bxd2 28. Bxd2 Nxb2 29. c5 Rd5 30. Rb4 Nd3 31. Rxb3 Nxc5 32. Rb8+ Kf7 33. Be3 Ne6 34. f4 h5 35. g4 hxg4 36. hxg4 Nd4+ 37. Bxd4 1/2-1/2

[Event "SWE-chT 0910"]
[Site "Sweden"]
[Date "2009.10.16"]
[Round "1"]
[White "Hamark, Jesper"]
[Black "Johansson, Jan"]
[Result "1-0"]
[WhiteElo "2313"]
[BlackElo "2414"]
[PlyCount "93"]
[EventDate "2009.10.16"]
[EventType "team"]
[EventRounds "11"]
[EventCountry "SWE"]
[SourceTitle "EXT 2011"]
[Source "ChessBase"]
[SourceDate "2010.11.26"]
[SourceVersion "1"]
[SourceVersionDate "2010.11.26"]
[SourceQuality "1"]
[WhiteTeam "Kamraterna"]
[BlackTeam "Upsala"]
[WhiteTeamCountry "SWE"]
[BlackTeamCountry "SWE"]

1. d4 Nf6 2. c4 e6 3. Nc3 Bb4 4. e3 c5 5. Bd3 Nc6 6. Nge2 d5 7. cxd5 exd5 8. a3 cxd4 9. axb4 dxc3 10. b5 Ne5 11. Bc2 0-0 12. Nxc3 b6 13. 0-0 Bb7 14. Qd4 Qc7 15. b3 Nfg4 16. f4 Nd7 17. Bb2 Ngf6 18. Rfc1 Nc5 19. Na4 Qe7 20. Ba3 Nfd7 21. Bf5 Rfe8 22. Nxc5 Nxc5 23. Bxc5 bxc5 24. Rxc5 g6 25. Bg4 Rad8 26. Rxa7 Qh4 27. h3 Qe1+ 28. Kh2 Rxe3 29. Bf3 Rxf3 30. gxf3 Re8 31. Rc2 Bc8 32. Qf2 Qe6 33. Qg3 d4 34. Rd2 d3 35. Raa2 Qxb3 36. Rab2 Qc3 37. b6 Ba6 38. Qf2 Qc4 39. Kg3 h5 40. h4 Re7 41. Rb1 Qc6 42. Qd4 Kh7 43. Rxd3 Bxd3 44. Qxd3 Qc5 45. Qb5 Qd6 46. b7 Qb8 47. Qc6 1-0

[Event "SWE-chT 0809"]
[Site "Sweden"]
[Date "2009.03.15"]
[Round "11"]
[White "Forsberg, Jan Olof"]
[Black "Hamark, Jesper"]
[Result "0-1"]
[WhiteElo "2218"]
[BlackElo "2378"]
[PlyCount "80"]
[EventDate "2008.10.25"]
[EventType "team-tourn"]
[EventRounds "11"]
[EventCountry "SWE"]
[SourceTitle "EXT 2011"]
[Source "ChessBase"]
[SourceDate "2010.11.26"]
[SourceVersion "1"]
[SourceVersionDate "2010.11.26"]
[SourceQuality "1"]

1. d4 e6 2. Nf3 c5 3. e4 cxd4 4. Nxd4 Nc6 5. Nb5 d6 6. Bf4 e5 7. Be3 a6 8. N5c3 Nf6 9. Bg5 Be7 10. Bxf6 Bxf6 11. Nd5 0-0 12. Nd2 Bg5 13. Nc4 Be6 14. Ncb6 Rb8 15. h4 Bh6 16. g4 Bf4 17. c3 Ne7 18. Nxe7+ Qxe7 19. Nd5 Qd7 20. Rg1 b5 21. g5 Rfc8 22. Qf3 Bxd5 23. exd5 Rc5 24. Qe4 g6 25. Rd1 Rf8 26. Be2 Kg7 27. Bd3 Qb7 28. Be2 Qe7 29. Rg4 Qd8 30. Qg2 Rh8 31. Bd3 Qa8 32. Be4 Qb7 33. a3 a5 34. h5 b4 35. Qh3 h6 36. gxh6+ Rxh6 37. Qg2 bxc3 38. bxc3 Qd7 39. hxg6 f5 40. Rxf4 exf4 0-1

[Event "SWE-chT 0809"]
[Site "Sweden"]
[Date "2009.02.07"]
[Round "7"]
[White "Hamark, Jesper"]
[Black "Ahlander, Bjorn"]
[Result "1/2-1/2"]
[WhiteElo "2378"]
[BlackElo "2524"]
[PlyCount "124"]
[EventDate "2008.10.25"]
[EventType "team-tourn"]
[EventRounds "11"]
[EventCountry "SWE"]
[SourceTitle "EXT 2011"]
[Source "ChessBase"]
[SourceDate "2010.11.26"]
[SourceVersion "1"]
[SourceVersionDate "2010.11.26"]
[SourceQuality "1"]

1. d4 Nf6 2. c4 e6 3. Nc3 Bb4 4. Qc2 c5 5. dxc5 Na6 6. a3 Qa5 7. Bd2 Nxc5 8. 0-0-0 Bxc3 9. Bxc3 Qa4 10. Qxa4 Nxa4 11. Bxf6 gxf6 12. g3 Rb8 13. e3 b6 14. Bg2 Ke7 15. b3 Nc5 16. Kc2 Bb7 17. Bxb7 Rxb7 18. Ne2 b5 19. cxb5 Rc8 20. Kb2 Rxb5 21. Nd4 Rb6 22. Rd2 Rcb8 23. b4 a5 24. b5 a4 25. Ka2 Ne4 26. Rc2 Nd6 27. Rb1 e5 28. Ne2 Rxb5 29. Rxb5 Rxb5 30. Nc3 Rc5 31. Kb1 Nc4 32. Ka2 Nb6 33. Kb1 Ke6 34. Ne4 Ra5 35. Nc5+ Ke7 36. Nd3 Rd5 37. Nb4 Rd1+ 38. Kb2 d5 39. Rc7+ Ke8 40. Kc2 Rf1 41. Rb7 Rxf2+ 42. Kc3 Nc4 43. Nxd5 Nxa3 44. Rb4 f5 45. Rxa4 Nb1+ 46. Kb4 Rxh2 47. Kc5 Kf8 48. Kd6 e4 49. Ke5 Kg7 50. Ne7 Nd2 51. Ra8 Nc4+ 52. Kxf5 Nxe3+ 53. Kxe4 Nf1 54. Rg8+ Kf6 55. Nd5+ Ke6 56. Nf4+ Kd6 57. Kf3 Nd2+ 58. Ke3 Nf1+ 59. Kf3 Ke5 60. Re8+ Kf5 61. g4+ Kf6 62. Re1 Nd2+ 1/2-1/2